| 000 | 00387nam a2200145 a 4500 | ||
|---|---|---|---|
| 001 | 1710 | ||
| 003 | CDMR | ||
| 005 | 20130116135214.0 | ||
| 008 | 130130s2001||||||||||||||||||||||||||||d | ||
| 040 |
_aCDMR _bcat _cCPC GIRONA |
||
| 100 | 1 |
_aGaldón López, Gabriel _9854 |
|
| 245 | 1 | 0 |
_aIntroducción a la comunicación y a la información _cGaldón, Gabriel |
| 260 |
_c2001 _bAriel |
||
| 942 | _cMON | ||
| 999 |
_c1710 _d1710 |
||